Tratado de hacienda pública y examen de la española / (Record no. 162113)

MARC details
000 -LEADER
campo de control de longitud fija 00810nam a22002295i 4500
001 - NÚMERO DE CONTROL
campo de control 162113
003 - IDENTIFICADOR DE NÚMERO DE CONTROL
campo de control ES-MaACL
005 - FECHA Y HORA DE LA ÚLTIMA TRANSACCIÓN
campo de control 20251005063127.0
008 - DATOS DE LONGITUD FIJA--INFORMACIÓN GENERAL
campo de control de longitud fija 990414m19001901sp |||| | spa d
040 ## - FUENTE DE CATALOGACIÓN
Centro catalogador/agencia de origen CCPB | B
Lengua de catalogación spa
Centro/agencia transcriptor CCPB | B
100 1# - ENTRADA PRINCIPAL--NOMBRE DE PERSONA
Nombre de persona Piernas y Hurtado, José Manuel,
Fechas asociadas al nombre 1843-1911
9 (RLIN) 91943
245 10 - MENCIÓN DEL TÍTULO
Título Tratado de hacienda pública y examen de la española /
Mención de responsabilidad, etc. por José Piernas Hurtado.
250 ## - MENCION DE EDICION
Mención de edición 5ª ed. refundida nuevamente.
260 ## - PUBLICACIÓN, DISTRIBUCIÓN, ETC.
Lugar de publicación, distribución, etc. Madrid :
Nombre del editor, distribuidor, etc. Librería de D. Victoriano Suárez,
Fecha de publicación, distribución, etc. 1900-1901.
300 ## - DESCRIPCIÓN FÍSICA
Extensión 2 v. ;
Dimensiones 22 cm.
510 4# - NOTA DE CITAS O REFERENCIAS BIBLIOGRÁFICAS
Nombre de la fuente Palau,
Localización dentro de la fuente 225590
597 ## - NOTA DE DESCRIPCIÓN FÍSICA
NOTA DE DESCRIPCIÓN FÍSICA Antep.
597 ## - NOTA DE DESCRIPCIÓN FÍSICA
NOTA DE DESCRIPCIÓN FÍSICA T. I (539, [2] p.) -- t. II (692, [4] p.)
650 04 - PUNTO DE ACCESO ADICIONAL DE MATERIA--TÉRMINO DE MATERIA
Término de materia o nombre geográfico como elemento de entrada Hacienda pública-
Subdivisión geográfica España.
9 (RLIN) 13281
852 ## - LOCALIZACIÓN
Ubicación ES-MaACL
Número de control de estantería F-3436-37
Nota libre -- Enc. pasta española
Holdings
Estatus retirado Estado de pérdida Estado de daño No para préstamo Colección Biblioteca de origen Biblioteca actual Ubicación en estantería Fecha de adquisición Total de préstamos Signatura topográfica completa Código de barras Visto por última vez Precio de reemplazo Tipo de ítem Koha
        Libros del s. XIX Biblioteca del Ateneo de Madrid Biblioteca del Ateneo de Madrid Depósito 2 17/01/2008   F-3436-37 1169829 23/02/2023 23/02/2023 Libro impreso antiguo